000 00304 a2200157 4500
001 175979
020 _a
040 _cMagnum
100 _aAmos, Janine
240 1 0 _aCiumes
_lpor
245 1 0 _aCiumes
362 0 _a1899
440 1 _aEko
697 _aMAGNITO: IJ/SOCIEDADE COTIDIAN
942 _cBK
999 _c175979
_d175979